[Event "ICS rated blitz match"]
[Site "207.99.83.227"]
[Date "1999.03.31"]
[Round "?"]
[White "Hossa"]
[Black "totoff"]
[Result "1-0"]
[WhiteElo "2437"]
[BlackElo "2192"]
[Annotator "Fritz 5.32 (15s)"]
[PlyCount "107"]

1. e4 e6 2. Nf3 c5 3. Bb5 (3. Be2 Nc6 4. d4 cxd4 5. Nxd4 Nf6 6. Bf3 Qc7 7. O-O
Be7 8. c4 a6 9. Nc3 Ne5 10. b3 b5 11. Bf4 d6 12. Rc1 b4 13. Na4 Bd7 14. Re1 O-O
15. Nb2 Rfd8 16. Be3 Be8 17. g3 17... Nxf3+ {
Spyra,W-Fominikh,A/Katowice FIBAK 1993/0-1 (40)}) 3... a6 4. Be2 (4. Ba4 b5 5.
Bb3 c4 6. Bxc4 bxc4 7. Nc3 Bb7 8. Qe2 Qc7 9. d3 cxd3 10. Qxd3 d6 11. g3 Nf6 12.
Bf4 Nbd7 13. O-O-O Nc5 14. Bxd6 Nxd3+ 15. Rxd3 Bxd6 16. a3 Rc8 17. e5 Bxe5 18.
Nxe5 18... Bxh1 {0-1 Sojourner-Ratcu,T/Yerevan 1996 (18)}) 4... Nc6 5. O-O 5...
Nf6 $146 (5... d6 6. d4 cxd4 7. Nxd4 Be7 8. Be3 Nf6 9. Nc3 e5 10. Nxc6 bxc6 11.
f4 exf4 12. Rxf4 Be6 13. Qf1 Rb8 14. b3 Qa5 15. Na4 Qe5 16. c3 c5 17. Re1 g5
18. Rf3 h5 19. Bf2 h4 20. Re3 Bf8 21. Rd1 Bh6 22. Rd5 Bxd5 23. exd5 Ne4 24.
Bxa6 g4 25. Re1 Bd2 26. Re2 g3 27. hxg3 hxg3 28. Be3 Bxe3+ 29. Rxe3 29... Rh1+
{0-1 Stubbe,W-Koenig,F/JBL NO95/96 1995 (29)}) 6. d3 {Sichert e4} 6... Qc7 7.
Nc3 Be7 8. d4 cxd4 9. Nxd4 d6 (9... Nxd4 10. Qxd4 Bd6 11. h3 $15) 10. Nxc6 (10.
Bg5 10... O-O $11) 10... bxc6 {Deckt b5} 11. Bf4 e5 12. Bg5 Be6 13. Bxf6 Bxf6
14. Qd3 {Uebt Druck auf den Isolani a6 aus} 14... O-O 15. Rad1 (15. Rfd1 15...
Rfd8 $11) 15... Rfd8 16. Qf3 Qb7 17. b3 {Kontrolliert c4} 17... Rd7 18. Qh5 d5
19. Bd3 g6 20. Qh6 Bg7 21. Qg5 f6 22. Qh4 22... a5 $11 (22... Rad8 23. a3 $11)
23. exd5 cxd5 24. Nb5 Rc8 25. c3 Rdd8 (25... f5 26. Be2 $15) 26. Kh1 (26. Rfe1
26... Qb6 $11) 26... Qb6 27. Rc1 Rc5 28. a4 Rdc8 29. Rb1 Bf7 30. b4 axb4 31.
cxb4 ({Jedoch nicht} 31. Rxb4 31... e4 32. Nd4 32... Qa7 $19) 31... R5c6 32.
Qg4 $15 (32. a5 Qb8 33. Qg3 33... d4 $17) 32... Bf8 (32... f5 33. Qg3 $17) 33.
Kg1 (33. a5 33... Qb7 $15) 33... Be6 (33... e4 34. Be2 $15) 34. Qh4 Bf7 (34...
e4 35. a5 Qb7 36. Be2 $11) 35. Qh3 $15 (35. Qg4 e4 36. Be2 36... f5 $17) 35...
f5 36. Qe3 (36. a5 36... Qb8 $15) 36... Bg7 $4 $16 {
gibt den Vorteil aus der Hand} (36... Qxe3 37. fxe3 37... Rb8 $14) 37. Na7
37... Qc5 $4 $18 {fuehrt zu weiteren Sorgen} (37... Qxe3 38. fxe3 Rc3 39. Nxc8
39... Rxd3 $18) 38. bxc5 38... d4 {c5 setzt sich schnell in Bewegung. Weiss
entwickelt Drohungen in der offenen b-Linie} 39. Nxc8 dxe3 40. Ne7+ Kf8 41.
Nxc6 Be8 42. Rb8 exf2+ 43. Kxf2 Bf6 44. Bb5 h6 45. Nxe5 Bxe5 46. Rxe8+ Kf7 47.
Rxe5 Kf6 48. Rxf5+ (48. Rfe1 f4 49. c6 g5 50. Re6+ Kg7 51. Re7+ Kf6 52. R1e6+
Kf5 53. h3 g4 54. Bd3+ Kg5 55. Rg7+ Kh5 56. hxg4+ Kh4 57. Rxh6#) 48... Kxf5 49.
c6 {Droht Matt: c7} 49... Ke5 (49... Kf4 {holt die Kuh nicht vom Eis} 50. c7 h5
51. c8=Q Kg5 52. Ke1 h4 53. Qc1+ Kg4 54. Be2#) 50. c7 Kd6 (50... Ke6 {
macht keinen grossen Unterschied} 51. c8=Q+ Ke5 52. Re1+ Kf6 53. Qf8+ Kg5 54.
Re5+ Kg4 55. Qb4#) 51. c8=Q Kd5 (51... Ke5 {waere gleichermassen fruchtlos} 52.
Re1+ Kf6 53. Qf8+ Kg5 54. Re5+ Kg4 55. Qb4#) 52. Qc6+ (52. Re1 g5 53. Qc6+ Kd4
54. Re4#) 52... Kd4 (52... Ke5 {aendert nichts am Ausgang der Partie} 53. Rd1
g5 54. Rd5+ Ke4 55. Qc4#) 53. Re1 g5 (53... h5 {
kann das Vorangegangene nicht ungeschehen machen} 54. Re4#) 54. Re4# 1-0

[Event "ICS rated blitz match"]
[Site "207.99.83.227"]
[Date "1999.03.31"]
[Round "?"]
[White "totoff"]
[Black "Hossa"]
[Result "0-1"]
[WhiteElo "2186"]
[BlackElo "2443"]
[Annotator "Fritz 5.32 (15s)"]
[PlyCount "54"]

1. e4 e5 2. Nf3 Nc6 3. Bb5 a6 4. Bxc6 dxc6 5. d3 Bg4 6. h3 Bxf3 7. Qxf3 Bd6 8.
O-O Ne7 9. Nd2 O-O 10. Nc4 10... b5 $146 (10... Qd7 11. Qg4 f5 12. exf5 Nxf5
13. Bg5 Rae8 14. Ne3 Qe6 15. Rae1 Nd4 16. Qxe6+ Rxe6 17. Bh4 g5 18. Bg3 e4 19.
dxe4 Rxe4 20. c3 Bxg3 21. fxg3 Rfe8 22. Kf2 Rf8+ 23. Kg1 Rfe8 24. Kf2 {
- Huebner,R-Nenashev,A/Moscow olm 1994 (24)}) (10... f5 11. Bg5 f4 12. d4 exd4
13. e5 Bc5 14. b4 h6 15. Bxh6 Qd5 16. bxc5 Qxc4 17. Qg4 Qf7 18. e6 Qg6 19. Bg5
Nd5 20. Rad1 Rae8 21. Rfe1 Rf5 22. h4 Rxe6 23. Rxe6 Qxe6 24. Bh6 g6 25. Rxd4 {
Rosentalis,E-Sh,S/t URS 1989/ - (41)}) 11. Na5 Qe8 12. Qg3 Rd8 13. h4 Ng6 14.
h5 Nf4 15. Bxf4 exf4 16. Qg5 Be5 17. Rab1 Rd6 18. Qg4 Qe6 19. Qxe6 Rxe6 20. f3
Bd4+ 21. Kh2 Rh6 22. g4 fxg3+ 23. Kxg3 Bb6 24. Nb3 Rxh5 25. Rh1 Rg5+ 26. Kf4 h6
27. Rbg1 Bxg1 (27... Bxg1 28. e5 28... Rg2 $19) 0-1

[Event "ICS rated blitz match"]
[Site "207.99.83.227"]
[Date "1999.03.31"]
[Round "?"]
[White "Hossa"]
[Black "TDChess"]
[Result "0-1"]
[WhiteElo "2449"]
[BlackElo "2644"]
[Annotator "Crafty v16.6"]
[PlyCount "142"]

{annotating for player Hossa using a scoring margin of +0.10 pawns. search
time limit is 12.00} 1. e4 1... e6 2. Nf3 d5 3. exd5 exd5 4. Bb5+ c6 5. Be2 Nf6
6. O-O Bd6 7. d3 O-O 8. Bg5 h6 9. Bh4 g5 10. Bg3 Bxg3 11. hxg3 Qb6 12. b3 Bf5
13. Nc3 Re8 14. Qd2 c5 15. Nxg5 ({8:-0.81} 15. Nxg5 15... hxg5 16. Qxg5+ Bg6
17. Bf3 d4 18. Na4 Qd6 19. Nxc5 $17) ({8:-0.26} 15. d4 15... Nc6 16. dxc5 Qxc5
17. Nxg5 d4 18. Na4 Qxc2 19. Qxc2 19... Bxc2 $10) 15... hxg5 16. Qxg5+ Bg6 17.
Bf3 Kg7 18. Nxd5 Nxd5 19. Bxd5 Nc6 20. Bxc6 Qxc6 21. Rac1 f6 22. Qg4 f5 23. Qf4
Rad8 24. a3 Rd4 25. Qd2 Bf7 26. b4 c4 27. Qc3 Red8 28. dxc4 Bxc4 29. Rfd1 Qf6
30. Re1 Kg6 31. a4 Qd6 32. Ra1 Qb6 33. a5 Qd6 34. Rab1 Bb5 35. Qb3 Rd5 36. c4
Rd3 37. Qc2 Qc6 38. Rbc1 Rd2 39. Qb3 Ba4 40. Qb1 R8d3 41. b5 Qc5 42. Rf1 Rxg3
43. Qa1 Rgd3 44. a6 bxa6 45. Qxa4 Ra3 46. Qxa3 Qxa3 47. Ra1 Ra2 48. Rxa2 Qxa2
49. bxa6 Qxa6 50. Rc1 Qa3 51. Rc2 Qa1+ 52. Kh2 Qa4 53. Rc3 Qb4 54. Rc2 Qb3 55.
Rc1 Qb2 56. Re1 Qxf2 57. Re6+ Kg5 58. Rc6 Qh4+ 59. Kg1 Qe1+ 60. Kh2 Qe8 61. Ra6
Qh8+ 62. Kg1 Qd4+ 63. Kh1 Qxc4 64. Rxa7 Qh4+ 65. Kg1 Qd4+ 66. Kh2 Qxa7 67. Kg3
Qe3+ 68. Kh2 Kg4 69. Kh1 Qf4 70. Kg1 Kg3 71. Kh1 Qc1# 0-1

[Event "ICS rated blitz match"]
[Site "207.99.83.227"]
[Date "1999.03.31"]
[Round "?"]
[White "totoff"]
[Black "Hossa"]
[Result "0-1"]
[WhiteElo "2168"]
[BlackElo "2441"]
[PlyCount "58"]

1. e4 c5 2. Nf3 Nc6 3. Bb5 a6 4. Bxc6 dxc6 5. O-O Bg4 6. d3 e6 7. Nbd2 Nf6 8.
h3 Bxf3 9. Nxf3 Be7 10. Be3 O-O 11. a3 Qe8 12. a4 Rd8 13. Qc1 Qd7 14. b3 Qc7
15. a5 Qc8 16. Nd2 e5 17. Nc4 Qe6 18. Qb2 Nd7 19. f4 Bf6 20. f5 Qe7 21. g4 Bh4
22. Kg2 Rfe8 23. Bd2 Kh8 24. Bc3 Bg5 25. Rae1 Bf4 26. Qb1 Qh4 27. Rf3 Nf6 28.
Ref1 Nxg4 29. hxg4 29... Qh2# {totoff checkmated} 0-1

[Event "ICS rated blitz match"]
[Site "207.99.83.227"]
[Date "1999.03.31"]
[Round "?"]
[White "Hossa"]
[Black "AlBundy"]
[Result "1-0"]
[WhiteElo "2447"]
[BlackElo "2488"]
[PlyCount "123"]

1. e4 Nf6 2. e5 Nd5 3. Nc3 Nxc3 4. dxc3 d5 5. Bf4 c5 6. Qd2 Nc6 7. O-O-O e6 8.
Bb5 Bd7 9. c4 d4 10. Nf3 a6 11. Bxc6 Bxc6 12. Bg5 Be7 13. Bxe7 Qxe7 14. Rhg1 b5
15. c3 dxc3 16. Qxc3 O-O 17. Nd2 a5 18. cxb5 Bxb5 19. Nc4 Bxc4 20. Qxc4 Rab8
21. Rd6 Rb4 22. Qxc5 Qb7 23. Qc3 Rc8 24. Kb1 h6 25. Qa3 Qe4+ 26. Rd3 Qxe5 27.
Rgd1 Qe4 28. Qxa5 Rbc4 29. Qa3 Kh7 30. g3 Rc2 31. f3 Qe2 32. h4 Qg2 33. Rd8
Rxd8 34. Rxd8 Rf2 35. Qd3+ g6 36. Qb3 Rf1+ 37. Rd1 Rxf3 38. Qc4 Qxg3 39. Rd7
Qf4 40. Qxe6 Rf1+ 41. Kc2 Qf5+ 42. Qxf5 Rxf5 43. a4 g5 44. hxg5 hxg5 45. b4 g4
46. a5 g3 47. Rd1 g2 48. Rg1 Rg5 49. a6 f5 50. Kd2 f4 51. Ke2 Rb5 52. a7 Rxb4
53. a8=Q Rb2+ 54. Kf3 Rb3+ 55. Kxf4 Rb4+ 56. Qe4+ Rxe4+ 57. Kxe4 Kg6 58. Ke5
Kg5 59. Rxg2+ Kh4 60. Kf4 Kh3 61. Rf2 Kh4 62. Rh2# {AlBundy checkmated} 1-0

[Event "ICS rated blitz match"]
[Site "207.99.83.227"]
[Date "1999.03.31"]
[Round "?"]
[White "AlBundy"]
[Black "Hossa"]
[Result "0-1"]
[WhiteElo "2470"]
[BlackElo "2465"]
[PlyCount "70"]

1. c4 e5 2. Nc3 Nf6 3. Nf3 Nc6 4. e3 Bb4 5. Qc2 O-O 6. Nd5 d6 7. Bd3 h6 8. a3
Bc5 9. b4 Bb6 10. Nxb6 axb6 11. Bb2 Bg4 12. Be2 e4 13. Nd4 Nxd4 14. Bxd4 Bxe2
15. Kxe2 Re8 16. Rhd1 Ng4 17. h3 Ne5 18. Qxe4 Nxc4 19. Qg4 Ne5 20. Qg3 c5 21.
Bc3 h5 22. f4 h4 23. Qf2 Nc4 24. g3 Nxa3 25. gxh4 Nb5 26. Bb2 Rxa1 27. Rxa1
Nd4+ 28. Kd3 Nc6 29. b5 Nb4+ 30. Ke2 Qd7 31. Rg1 Qxb5+ 32. Kd1 Nd3 33. Rxg7+
Kf8 34. Qg2 Qb3+ 35. Ke2 35... Nxf4+ {AlBundy resigns} 0-1

[Event "ICS rated blitz match"]
[Site "207.99.83.227"]
[Date "1999.03.31"]
[Round "?"]
[White "Hossa"]
[Black "AlBundy"]
[Result "1-0"]
[WhiteElo "2481"]
[BlackElo "2454"]
[PlyCount "91"]

1. e4 Nf6 2. e5 Nd5 3. Nc3 Nxc3 4. dxc3 d5 5. Bf4 c5 6. Qd2 Bf5 7. O-O-O e6 8.
Ne2 Nc6 9. Ng3 Bg6 10. h4 h6 11. h5 Bh7 12. Bd3 Bxd3 13. Qxd3 Qa5 14. Kb1 Be7
15. Nf1 b5 16. Qg3 Bf8 17. Ne3 c4 18. Qg4 Rd8 19. Rhe1 b4 20. cxb4 Nxb4 21. a3
Nc6 22. c3 Qb5 23. Re2 Rg8 24. Bxh6 Bxa3 25. Bxg7 Rb8 26. Rdd2 Nxe5 27. Qg5 Nd3
28. Nxd5 Qb7 29. Nf6+ Kd8 30. Nxg8+ Kc8 31. Be5 Bxb2 32. Rxb2 Nxb2 33. Ne7+ Kd7
34. Bxb8 Nd3+ 35. Ka1 Qxb8 36. Ng8 Qb3 37. Qe7+ Kc8 38. Qe8+ Kc7 39. Qxf7+ Kb8
40. Qe8+ Kc7 41. Qe7+ Kb8 42. Qd8+ Kb7 43. Qxd3 Qa3+ 44. Ra2 cxd3 45. Rxa3 d2
46. Rb3+ {AlBundy resigns} 1-0

[Event "ICS rated blitz match"]
[Site "207.99.83.227"]
[Date "1999.03.31"]
[Round "?"]
[White "AlBundy"]
[Black "Hossa"]
[Result "1-0"]
[WhiteElo "2439"]
[BlackElo "2496"]
[Annotator "Crafty v16.6"]
[PlyCount "131"]

{annotating for player Hossa using a scoring margin of +0.10 pawns. search
time limit is 12.00} 1. c4 1... e5 2. Nc3 Nf6 3. Nf3 Nc6 4. e3 Bb4 5. Qc2 O-O
6. Nd5 d6 7. a3 Bc5 8. b4 e4 9. Nxf6+ Qxf6 10. Bb2 Qg6 ({9:-0.25} 10... Qg6 11.
bxc5 exf3 12. Qxg6 hxg6 13. cxd6 fxg2 14. Bxg2 cxd6 15. d3 Bf5 16. e4 $10) ({
9:+0.18} 10... Qf5 11. bxc5 exf3 12. Qxf5 Bxf5 13. cxd6 fxg2 14. Bxg2 cxd6 15.
e4 Rae8 16. d3 $10) 11. Nh4 Qg4 12. g3 Bb6 13. Be2 Qe6 14. d4 Nd8 ({8:-2.20} 
14... Nd8 15. c5 dxc5 16. dxc5 Qe7 17. cxb6 axb6 18. O-O 18... Bh3 $18) ({
8:+0.33} 14... exd3 15. Bxd3 g6 16. O-O Ne5 17. Bxe5 Qxe5 18. Nf3 Qf6 19. Qe2
$15) 15. c5 dxc5 16. dxc5 Qc6 17. Qc3 Ne6 18. cxb6 Qxc3+ 19. Bxc3 axb6 20. O-O
Ng5 21. Rfd1 Nh3+ 22. Kg2 g5 23. g4 Nxf2 24. Kxf2 gxh4 25. Bf6 c6 26. Rd4 Re8
27. Rad1 Be6 28. Rd8 h3 29. Rxa8 Rxa8 30. Rd8+ Rxd8 31. Bxd8 b5 32. Kg3 Bb3 33.
Kxh3 Kg7 34. g5 Kg6 35. Kg3 Bd5 36. Kf4 Bb3 37. h4 Bd5 38. Bf6 h5 39. Bf1 Kh7
40. Bg2 b6 41. Bd4 c5 42. bxc5 bxc5 43. Bxc5 Kg6 44. Bxe4+ Bxe4 45. Kxe4 f6 46.
Be7 fxg5 47. Bxg5 Kf7 48. Kd5 Kf8 49. e4 Kf7 50. Kd6 Kg7 51. Kd7 Kg6 52. e5 Kf5
53. e6 Ke5 54. e7 Kf5 55. e8=Q Kg4 56. Kd6 Kh3 57. Qxb5 Kg4 58. Qe2+ Kh3 59.
Qxh5 Kg3 60. a4 Kh3 61. a5 Kg3 62. a6 Kg2 63. a7 Kh2 64. a8=Q Kg1 65. Qhf3 Kh2
66. Qg2# 1-0

[Event "ICS rated blitz match"]
[Site "207.99.83.227"]
[Date "1999.03.31"]
[Round "?"]
[White "Hossa"]
[Black "AlBundy"]
[Result "1-0"]
[WhiteElo "2477"]
[BlackElo "2473"]
[PlyCount "119"]

1. e4 Nf6 2. e5 Nd5 3. Nc3 Nxc3 4. dxc3 d5 5. Bf4 Bf5 6. Bb5+ c6 7. Bd3 Bxd3 8.
cxd3 e6 9. Nf3 Qb6 10. Qb3 c5 11. Bg5 Nd7 12. Qxb6 axb6 13. O-O Be7 14. Bxe7
Kxe7 15. h4 h6 16. Rfb1 Ra4 17. d4 Rha8 18. a3 c4 19. Rc1 b5 20. Rab1 R4a7 21.
Re1 Ra4 22. g4 R4a7 23. Kh2 Ra4 24. Re3 R4a7 25. h5 Nb6 26. Nd2 Na4 27. f4 Nb6
28. Kh3 Rg8 29. Nf3 Nd7 30. Kh2 g6 31. Kh3 gxh5 32. gxh5 Raa8 33. Rc1 Rg7 34.
Rg1 Rag8 35. Rxg7 Rxg7 36. Re2 Nb8 37. b3 Nc6 38. Rb2 Na5 39. bxc4 Nxc4 40.
Rxb5 Nxa3 41. Rxb7+ Kd8 42. Rb3 Nc4 43. Rb8+ Kc7 44. Rh8 Ne3 45. Nh2 Nf5 46.
Ng4 Kb6 47. Nxh6 Rg3+ 48. Kh2 Rxc3 49. Nxf5 exf5 50. Rh6+ Kb5 51. Rf6 Kc4 52.
Rc6+ Kxd4 53. Rxc3 Kxc3 54. h6 d4 55. h7 d3 56. h8=Q d2 57. e6+ Kc2 58. Qc8+
Kb2 59. Qd8 Kc2 60. exf7 {AlBundy resigns} 1-0

[Event "ICS rated blitz match"]
[Site "207.99.83.227"]
[Date "1999.03.31"]
[Round "?"]
[White "AlBundy"]
[Black "Hossa"]
[Result "1-0"]
[WhiteElo "2457"]
[BlackElo "2493"]
[Annotator "Crafty v16.6"]
[PlyCount "131"]

{annotating for player Hossa using a scoring margin of +0.10 pawns. search
time limit is 12.00} 1. c4 1... e5 2. Nc3 Nf6 3. Nf3 Nc6 4. e3 Bb4 5. Qc2 O-O
6. Nd5 d6 7. a3 Bc5 8. b4 e4 9. Nxf6+ Qxf6 10. Bb2 Qg6 ({9:-0.25} 10... Qg6 11.
bxc5 exf3 12. Qxg6 hxg6 13. cxd6 fxg2 14. Bxg2 cxd6 15. d3 Bf5 16. e4 $10) ({
9:+0.18} 10... Qf5 11. bxc5 exf3 12. Qxf5 Bxf5 13. cxd6 fxg2 14. Bxg2 cxd6 15.
e4 Rae8 16. d3 $10) 11. Nh4 Qg4 12. g3 Bb6 13. d4 exd3 14. Bxd3 Qh5 15. Ng2 Qh6
({8:+0.47} 15... Qh6 16. Nh4 a5 17. c5 dxc5 18. bxc5 Ba7 19. Nf5 Bxf5 20. Bxf5
$15) ({8:+0.83} 15... Ne5 16. Bxh7+ Qxh7 17. Qxh7+ Kxh7 18. Bxe5 dxe5 19. c5
Bh3 20. O-O Bxc5 21. bxc5 $17) 16. O-O-O Bg4 17. Be2 Bxe2 18. Qxe2 a5 19. b5
Ne7 20. Nf4 Rac8 21. Kb1 Bc5 22. h4 c6 23. g4 Ng6 24. Nh5 Ne5 25. f4 Qg6+ 26.
Ka2 Nxg4 27. Nxg7 f5 28. h5 Qf7 29. Rhg1 cxb5 30. Nxf5 Qxf5 31. Rxg4+ Kf7 32.
Rg7+ Ke8 33. Rd5 Qe4 34. Qg4 Qxc4+ 35. Ka1 Qf1+ 36. Rd1 Qxd1+ 37. Qxd1 Rf7 38.
h6 Rcc7 39. Qd5 Rce7 40. Rxf7 Rxf7 41. Qe6+ Re7 42. Qc8+ Kf7 43. Qf5+ Ke8 44.
e4 Rc7 45. e5 b4 46. e6 bxa3 47. Bf6 b5 48. Qg5 Kf8 49. e7+ Rxe7 50. Bxe7+ Ke8
51. Bxd6 Bxd6 52. Qg8+ Bf8 53. Qxh7 Bxh6 54. Qxh6 Kd7 55. Qb6 b4 56. Qxa5 Ke6
57. Qxb4 Kf5 58. Ka2 Kg4 59. Kxa3 Kh4 60. Qe4 Kh5 61. f5 Kh6 62. Qf4+ Kh7 63.
f6 Kh8 64. f7 Kg7 65. f8=Q+ Kh7 66. Q4h6# 1-0

[Event "ICS rated blitz match"]
[Site "207.99.83.227"]
[Date "1999.03.31"]
[Round "?"]
[White "SABINAH"]
[Black "Hossa"]
[Result "1/2-1/2"]
[WhiteElo "2133"]
[BlackElo "2475"]
[PlyCount "114"]

1. e4 e5 2. Nf3 Nc6 3. Bb5 a6 4. Bxc6 dxc6 5. O-O Bg4 6. h3 Bxf3 7. Qxf3 Qf6 8.
Qxf6 Nxf6 9. d3 Bc5 10. Be3 Bd4 11. Bxd4 exd4 12. Nd2 Rd8 13. f4 c5 14. Rae1 h5
15. Nc4 Rh6 16. f5 b5 17. Ne5 Nd7 18. Nxd7 Kxd7 19. e5 Ke7 20. Re4 Rg8 21. Kf2
a5 22. Rfe1 a4 23. R1e2 Rgh8 24. h4 Rg8 25. g3 Ra6 26. e6 Rc8 27. exf7+ Kxf7
28. Kf3 a3 29. b3 Rf6 30. Kf4 g6 31. Re7+ Kf8 32. Kg5 Rxf5+ 33. Kxg6 Rf3 34.
Kg5 Rxg3+ 35. Kxh5 Rg1 36. Kh6 Rh1 37. h5 Rh2 38. Rxc7 Rxh5+ 39. Kxh5 Rxc7 40.
Re5 b4 41. Kg5 Kf7 42. Kf4 Rc8 43. Ke4 Kg6 44. Kd5 Rh8 45. Re2 Rh5+ 46. Kc4 Kf6
47. Rf2+ Ke7 48. Re2+ Kf7 49. Re1 Rf5 50. Rc1 Rg5 51. Re1 Rh5 52. Rc1 Re5 53.
Rf1+ Kg7 54. Rg1+ Kh7 55. Rh1+ Kg7 56. Rg1+ Kh7 57. Rh1+ 57... Kg7 {
Game drawn by mutual agreement} 1/2-1/2

[Event "ICS rated blitz match"]
[Site "207.99.83.227"]
[Date "1999.03.31"]
[Round "?"]
[White "Hossa"]
[Black "PleasePlayMe"]
[Result "0-1"]
[WhiteElo "2463"]
[BlackElo "2371"]
[Annotator "Crafty v16.6"]
[PlyCount "120"]

{annotating for player Hossa using a scoring margin of +0.10 pawns. search
time limit is 12.00} 1. e4 1... c5 2. Bc4 e6 3. Nc3 Nc6 4. Nf3 d6 5. O-O ({
8:-0.18} 5. O-O 5... e5 6. d4 cxd4 7. Nb5 Bg4 8. Qd3 8... Nf6 $10) ({8:+0.64} 
5. d4 5... cxd4 6. Nxd4 e5 7. Nxc6 bxc6 8. Qh5 g6 9. Qg5 9... Nf6 $14) 5... a6
6. d4 cxd4 7. Nxd4 Nf6 8. Nxc6 bxc6 9. Bf4 ({8:+0.61} 9. Bf4 9... e5 10. Bg5
Be7 11. Qd3 O-O 12. Rad1 12... Bg4 $14) ({8:+1.04} 9. Qe2 9... e5 10. Bb3 c5
11. Qc4 Be6 12. Ba4+ Ke7 13. Nd5+ Nxd5 14. exd5 $16) 9... e5 10. Bg5 Be7 11. b3
({8:+0.08} 11. b3 11... h6 12. Bxf6 Bxf6 13. b4 O-O 14. Qh5 c5 15. bxc5 15...
dxc5 $10) ({8:+0.34} 11. Qd3 11... O-O 12. Rfd1 Ne8 13. Be3 Rb8 14. Rab1 14...
Bg4 $14) 11... O-O 12. Bxf6 ({9:-0.18} 12. Bxf6 12... Bxf6 13. b4 Bh4 14. Qd3
a5 15. b5 c5 16. Rad1 16... Be7 $10) ({9:+0.04} 12. Qd3 12... c5 13. Rad1 Ne8
14. Bxe7 Qxe7 15. Nd5 Qd8 16. b4 16... Bg4 $10) 12... Bxf6 13. Qf3 ({8:-0.32} 
13. Qf3 13... Bg5 14. a3 Qe7 15. b4 Bf4 16. Qh5 c5 17. bxc5 17... dxc5 $15) ({
8:-0.18} 13. b4 13... Bh4 14. Qd3 a5 15. b5 c5 16. Rad1 16... Be7 $10) 13...
Qa5 14. Rad1 Be7 15. Rd3 Be6 16. Bxe6 fxe6 17. Qh5 Rf6 18. Qh4 d5 19. Rh3 h6
20. Rg3 Raf8 21. Qg4 R8f7 22. exd5 exd5 23. Qc8+ Kh7 24. Qe8 e4 25. a4 Bc5 26.
Nd1 Qd2 27. h3 Qxc2 28. b4 Bd4 29. b5 cxb5 30. Kh2 bxa4 31. Ne3 Bxe3 32. Rxe3
Rxf2 33. Rxf2 Rxf2 34. Rg3 Rf6 35. Qd7 Rg6 36. Rxg6 Kxg6 37. Qe6+ Kh7 38. Qf5+
Kg8 39. Qxd5+ Kh8 40. Qa8+ Kh7 41. Qxa6 e3 42. h4 e2 43. Qe6 a3 44. Qe3 a2 45.
Qe5 Qb1 46. Qxe2 a1=Q 47. Qe3 Qb8+ 48. Qg3 Qxg3+ 49. Kxg3 Qe5+ 50. Kf3 Qf5+ 51.
Kg3 h5 52. Kh2 Qg4 53. g3 g5 54. hxg5 Qxg5 55. Kh3 Kg6 56. Kg2 Kf5 57. Kh2 Kg4
58. Kg2 Qd2+ 59. Kh1 Kf3 60. g4 Qg2# 0-1

[Event "ICS rated blitz match"]
[Site "207.99.83.227"]
[Date "1999.03.31"]
[Round "?"]
[White "Hossa"]
[Black "kaspinha"]
[Result "1/2-1/2"]
[WhiteElo "2448"]
[BlackElo "2110"]
[PlyCount "92"]

1. e4 c6 2. Nc3 d5 3. exd5 cxd5 4. Nf3 Nc6 5. Bb5 Nf6 6. Ne5 Bd7 7. Nxd7 Qxd7
8. O-O a6 9. Bxc6 bxc6 10. Na4 Qd6 11. d3 e6 12. Be3 Be7 13. Bc5 Qf4 14. Bxe7
Kxe7 15. d4 h5 16. Nc5 h4 17. h3 g5 18. Qd3 g4 19. Nxa6 gxh3 20. Qa3+ Qd6 21.
Qxd6+ Kxd6 22. Nc5 Rhg8 23. g3 hxg3 24. fxg3 Rxg3+ 25. Kh2 Rg2+ 26. Kxh3 Rg6
27. Rf4 Rh8+ 28. Rh4 Rhg8 29. Rf1 Rg3+ 30. Kh2 Rg2+ 31. Kh1 Ne4 32. Nxe4+ dxe4
33. Rxf7 Rxc2 34. Rxe4 Rgg2 35. Rf6 Kd5 36. Rfxe6 Rh2+ 37. Kg1 Rcg2+ 38. Kf1
Rxb2 39. R6e5+ Kd6 40. Re2 Rxa2 41. Rxh2 Rxh2 42. Rc5 Rd2 43. Rc4 Kd5 44. Rc5+
Kd6 45. Rc4 Kd5 46. Rc5+ 46... Kd6 {Game drawn by repetition} 1/2-1/2

[Event "ICS rated blitz match"]
[Site "207.99.83.227"]
[Date "1999.03.31"]
[Round "?"]
[White "brutus"]
[Black "Hossa"]
[Result "0-1"]
[WhiteElo "2173"]
[BlackElo "2436"]
[PlyCount "29"]

1. e4 d6 2. d4 Nf6 3. Nc3 Nbd7 4. Bg5 e5 5. Nf3 Be7 6. Bc4 Nb6 7. Bd3 exd4 8.
Nxd4 Nxe4 9. Bxe7 Nxc3 10. Bxd8 Nxd1 11. Bxc7 Nxb2 12. Bxd6 Kd7 13. Be5 Nxd3+
14. cxd3 Re8 15. f4 {brutus resigns} 0-1

[Event "ICS rated blitz match"]
[Site "207.99.83.227"]
[Date "1999.03.31"]
[Round "?"]
[White "Hossa"]
[Black "brutus"]
[Result "1-0"]
[WhiteElo "2442"]
[BlackElo "2167"]
[PlyCount "49"]

1. e4 e6 2. Nf3 d5 3. exd5 exd5 4. d4 Bd6 5. Bb5+ c6 6. Bd3 Bg4 7. O-O Ne7 8.
Nbd2 Nd7 9. Re1 Nf6 10. Nf1 Qc7 11. Bg5 O-O-O 12. Bxf6 gxf6 13. Be2 Ng6 14.
N3d2 Be6 15. Rc1 h5 16. Bxh5 Rh6 17. Ng3 Rdh8 18. Bxg6 Rxg6 19. Nf3 Bg4 20. c4
Bf4 21. Rc2 dxc4 22. Rxc4 Rgh6 23. d5 Bxf3 24. Qxf3 Rxh2 25. Qxf4 {
brutus resigns} 1-0

[Event "ICS rated blitz match"]
[Site "207.99.83.227"]
[Date "1999.03.31"]
[Round "?"]
[White "brutus"]
[Black "Hossa"]
[Result "0-1"]
[WhiteElo "2162"]
[BlackElo "2447"]
[PlyCount "57"]

1. e4 c5 2. Nf3 Nc6 3. d4 cxd4 4. Nxd4 Qb6 5. Nb3 Nf6 6. Nc3 e6 7. Be3 Qd8 8.
a3 Be7 9. Be2 O-O 10. O-O d6 11. f4 Qe8 12. Bf3 Bd7 13. Qe2 Rc8 14. Rad1 b6 15.
Nb5 Nb4 16. Nc3 Nc6 17. Nd4 Nxd4 18. Bxd4 Bc6 19. Bxf6 Bxf6 20. Rxd6 Bxc3 21.
bxc3 Bb5 22. Qd2 Bxf1 23. Kxf1 Qa4 24. e5 Qxa3 25. Rd3 Qc5 26. Be4 a5 27. Qe1
h6 28. g4 f6 29. f5 {brutus resigns} 0-1

[Event "ICS rated blitz match"]
[Site "207.99.83.227"]
[Date "1999.03.31"]
[Round "?"]
[White "Hossa"]
[Black "brutus"]
[Result "1-0"]
[WhiteElo "2452"]
[BlackElo "2157"]
[PlyCount "149"]

1. e4 e6 2. d4 d5 3. Nd2 Nf6 4. e5 Nfd7 5. Ngf3 c5 6. c3 Nc6 7. Bb5 a6 8. Bxc6
bxc6 9. O-O cxd4 10. cxd4 c5 11. Nb3 c4 12. Nbd2 Be7 13. b3 cxb3 14. Nxb3 O-O
15. Bd2 Nb6 16. Ba5 Bd7 17. Qd2 Qb8 18. Bxb6 Qxb6 19. Rab1 Rab8 20. Rfc1 Rfc8
21. Qf4 Ba4 22. Qe3 Bxb3 23. Rxb3 Qa7 24. Rbc3 Qd7 25. Qd3 Rxc3 26. Qxc3 g6 27.
Qa5 Qb5 28. Qd2 Qb2 29. Rc8+ Kg7 30. Rxb8 Qxb8 31. h4 Qb1+ 32. Kh2 h5 33. Qa5
Qb5 34. Qc7 Qb4 35. g3 a5 36. a4 Qa3 37. Kg2 Qb4 38. Qa7 Bf8 39. Ng5 Be7 40.
Nh3 Bf8 41. Qd7 Be7 42. Nf4 Qa3 43. Qc7 Qb4 44. f3 Kg8 45. Ne2 Bf8 46. Qc2 Qa3
47. Nf4 Bb4 48. Nxg6 fxg6 49. Qxg6+ Kh8 50. Qh6+ Kg8 51. Qxe6+ Kh7 52. Qf5+ Kg7
53. e6 Qb2+ 54. Kh3 Qxd4 55. Qg5+ Kf8 56. Qd8+ Kg7 57. e7 Bxe7 58. Qxe7+ Kg6
59. Qg5+ Kf7 60. Qxh5+ Ke6 61. Qe8+ Kd6 62. Qd8+ Ke6 63. Qxa5 Kf5 64. Qc7 Ke6
65. a5 Kf6 66. Qb6+ Qxb6 67. axb6 Ke5 68. b7 Kd4 69. b8=Q Ke3 70. Qe5+ Kf2 71.
Qxd5 Ke1 72. Qd3 Kf2 73. Qd2+ Kf1 74. f4 Kg1 75. Qe1# {brutus checkmated} 1-0

[Event "ICS rated blitz match"]
[Site "207.99.83.227"]
[Date "1999.03.31"]
[Round "?"]
[White "brutus"]
[Black "Hossa"]
[Result "0-1"]
[WhiteElo "2152"]
[BlackElo "2457"]
[PlyCount "140"]

1. e4 d6 2. d4 Nf6 3. Nc3 Nbd7 4. Bd3 e5 5. Nf3 Be7 6. O-O O-O 7. dxe5 Nxe5 8.
Nxe5 dxe5 9. Bg5 Bg4 10. Be2 Qxd1 11. Bxd1 Be6 12. Bxf6 Bxf6 13. Be2 c6 14.
Rfd1 Rad8 15. Kf1 Be7 16. a3 Bc5 17. Rxd8 Rxd8 18. Rd1 Bd4 19. Nb1 Re8 20. c3
Bc5 21. Nd2 b5 22. Nf3 f6 23. Ne1 a5 24. h3 a4 25. Rd2 Be7 26. Nd3 Rd8 27. Ke1
Kf7 28. Nb4 Rc8 29. Nc2 Bc5 30. Bg4 Ke7 31. Bxe6 Kxe6 32. Ke2 h5 33. Ne3 g6 34.
f3 f5 35. g3 Rf8 36. Rd1 f4 37. gxf4 Rxf4 38. Ng2 Rf8 39. Nh4 Rg8 40. Ng2 g5
41. Rd2 Rf8 42. Rd1 g4 43. hxg4 hxg4 44. Rf1 g3 45. Rh1 Rf7 46. Rh3 Bf2 47.
Rh6+ Kd7 48. Rh5 Re7 49. Ne3 Bxe3 50. Kxe3 Rg7 51. Rh1 c5 52. Rg1 Ke6 53. f4
exf4+ 54. Kxf4 g2 55. Kf3 Ke5 56. Rxg2 Rxg2 57. Kxg2 Kxe4 58. Kf2 Kd3 59. Kf3
Kc2 60. Ke4 Kxb2 61. Kd5 Kxc3 62. Kxc5 b4 63. axb4 a3 64. b5 a2 65. b6 a1=Q 66.
b7 Qa7+ 67. Kc6 Kd4 68. Kc7 Kd5 69. Kc8 Kc6 70. b8=Q 70... Qd7# {
brutus checkmated} 0-1